| 000 | 01813nam a2200493 i 4500 | ||
|---|---|---|---|
| 001 | 54455 | ||
| 003 | KOSZ 005 | ||
| 005 | 20230519094312.0 | ||
| 008 | 170803s1995 pl a g 001 0 pol | ||
| 020 | _a8372550644 | ||
| 040 |
_aWA N _cKOSZ 005/RW _dKOSZ 005/RW _dKOSZ 005/HR |
||
| 041 | 1 |
_apol _heng |
|
| 046 | _k1995 | ||
| 080 | _a520/524 | ||
| 080 | _a530.12 | ||
| 080 | _a539.1 | ||
| 100 | 1 |
_aKaku, Michio. _eAutor |
|
| 245 | 1 | 0 |
_aHiperprzestrzeń : _bnaukowa podróż przez wszechświaty równoległe, pętle czasowe i dziesiąty wymiar / _cMichio Kaku ; przeł. Ewa L. Łokas i Bogumił Bieniok. |
| 246 | 1 |
_iTyt. oryg. : _aHypespace : _ba scientific odyssey through parallel universes, time warps and the tenth dimension |
|
| 260 |
_aWarszawa : _bPrószyński i S-ka, _c1995. |
||
| 300 |
_a352 s. : _brys. ; _c21 cm. |
||
| 336 |
_aTekst _btxt _2rdacontent |
||
| 337 |
_aBez urządzenia pośredniczącego _bn _2rdamedia |
||
| 338 |
_aWolumin _bnc _2rdacarrier |
||
| 380 | _aKsiążki | ||
| 380 | _aPublikacje popularnonaukowe | ||
| 388 | _a1901-2000 | ||
| 490 | 1 | _aNa Ścieżkach Nauki | |
| 504 | _aBibliogr. s. [445]-446. Indeks. | ||
| 650 | 9 | _aHiperprzestrzeń | |
| 650 | 9 | _aTeoria względności | |
| 650 | 9 | _aWszechświat | |
| 650 | 9 | _aCząstki elementarne | |
| 650 | 9 | _aAstrofizyka | |
| 650 | 9 | _aTeoria pola | |
| 655 | _aWydawnictwa popularne | ||
| 658 | _aFizyka i astronomia | ||
| 700 | 1 |
_aŁokos, Ewa L. _eTłumaczenie |
|
| 700 | 1 |
_aBieniok, Bogumił _d(1968- ) _eTłumaczenie |
|
| 710 | 2 |
_aPrószyński i S-ka _4pbl. |
|
| 856 |
_uhttp://koha.tu.koszalin.pl/cgi-bin/koha/opac-detail.pl?biblionumber=54455 _yKatalog online BPK |
||
| 830 | _aNa Ścieżkach Nauki | ||
| 942 |
_cKS _2UKD |
||
| 999 |
_c54455 _d54455 |
||